History Quiz

Random History or Clickable Quiz

Great Depression or Naah? Quiz Stats

 Plays Quiz not verified by Sporcle

Score 0/10 Timer 10:00
0 Plays Today
% Correct
12 million
89.1%
farmer struggle
83.3%
lines
83.3%
shantyhouses
82.6%
tax on goods
81.2%
debt
78.3%
9,000
73.9%
rich stayed rich, poor stayed poor
71%
scarcity
61.6%
paying certain price of high amount
53.6%

You're not logged in!

Compare scores with friends on all Sporcle quizzes.
OR
Log In

Show Comments

Extras

Created Mar 12, 2014ReportNominate
Tags:Clickable Quiz, depression

Top Quizzes Today


Score Distribution

Your Account Isn't Verified!

In order to create a playlist on Sporcle, you need to verify the email address you used during registration. Go to your Sporcle Settings to finish the process.

Report this User

Report this user for behavior that violates our Community Guidelines.

Details: